Plus grandes villes du Kosovo - Statistics

General Stats
  • This quiz has been taken 5 times
  • The average score is 4 of 10
Answer Stats
Population Ville % Correct
204 925 Pristina
100%
55 931 Uroševac
80%
82 980 Gnjilane
40%
46 597 Mitrovica
40%
82 661 Peć
40%
20 330 Podujevë
40%
44 370 Gjakovë
20%
90 209 Prizren
20%
50 904 Kosovo Polje
0%
29 276 Vushtrri
0%
No matching quizzes found
Score Distribution
Percent of People with Each Score
Percentile by Number Answered
Your Score History
You have not taken this quiz